[Event "Pacific Southwest Open"]
[Site "Woodland Hills"]
[Date "2012.06.30"]
[Round "1"]
[White "Bryant, John Daniel"]
[Black "Korba, Nicky"]
[Result "1-0"]
[WhiteElo "2377"]
[BlackElo "1981"]
[PlyCount "55"]
[EventDate "2012.06.30"]
[EventType "swiss"]
[EventRounds "5"]
[EventCountry "USA"]
[SourceDate "2012.07.02"]

1. e4 e5 2. Nf3 Nc6 3. Bc4 Bc5 4. d3 Nf6 5. Bb3 h6 6. O-O d6 7. c3 a6 8. Re1
Ba7 9. h3 O-O 10. Nbd2 Be6 11. Nf1 Re8 12. Ng3 d5 13. exd5 Bxd5 14. Bc2 Qd7 15.
Be3 Bxe3 16. Rxe3 Rad8 17. Qe2 Bxf3 18. Qxf3 Nd5 19. Re4 Nf4 20. d4 Ne6 21.
dxe5 Ng5 22. Qe2 Nxe4 23. Qxe4 g6 24. f4 Kg7 25. Nh5+ gxh5 26. Qh7+ Kf8 27. f5
Rxe5 28. f6 1-0

[Event "Pacific Southwest Open"]
[Site "Woodland Hills"]
[Date "2012.06.30"]
[Round "1"]
[White "Popova, Elena"]
[Black "Taylor, Timothy"]
[Result "0-1"]
[WhiteElo "2042"]
[BlackElo "2290"]
[PlyCount "86"]
[EventDate "2012.06.30"]
[EventType "swiss"]
[EventRounds "5"]
[EventCountry "USA"]
[SourceDate "2012.07.02"]

1. e4 Nf6 2. Nc3 e5 3. Nf3 Nc6 4. Bb5 Bb4 5. Nd5 Nxd5 6. exd5 e4 7. dxc6 dxc6
8. Be2 exf3 9. Bxf3 Qe7+ 10. Qe2 Qxe2+ 11. Bxe2 Bf5 12. a3 Bd6 13. d3 O-O-O 14.
Be3 Rhe8 15. Kd2 Re7 16. Rae1 Rde8 17. Bf3 c5 18. h4 h6 19. g4 Bd7 20. d4 c4
21. d5 Be5 22. Bc5 c3+ 23. Kc1 Bf4+ 24. Be3 Bxe3+ 25. fxe3 Rxe3 26. Rxe3 Rxe3
27. Bd1 cxb2+ 28. Kxb2 Bb5 29. Rh2 Bc4 30. Rd2 Kd7 31. Rd4 b5 32. a4 a6 33. c3
Kd6 34. axb5 axb5 35. Bb3 Rd3 36. Rf4 Bxb3 37. Kxb3 f6 38. Kb4 Rxd5 39. Re4 c6
40. Re8 Re5 41. Rd8+ Kc7 42. Ra8 Re4+ 43. Kb3 Rxg4 0-1

[Event "Pacific Southwest Open"]
[Site "Woodland Hills"]
[Date "2012.06.30"]
[Round "2"]
[White "Yankovsky, Roman"]
[Black "Nita Jr., Marian"]
[Result "1-0"]
[WhiteElo "2467"]
[BlackElo "2094"]
[PlyCount "51"]
[EventDate "2012.06.30"]
[EventType "swiss"]
[EventRounds "5"]
[EventCountry "USA"]
[SourceDate "2012.07.02"]

1. e4 c6 2. c4 d5 3. cxd5 cxd5 4. exd5 Nf6 5. Qa4+ Bd7 6. Qb3 Qb6 7. Nc3 Na6 8.
Bc4 Qxb3 9. Bxb3 g6 10. Nf3 Bg7 11. d4 O-O 12. O-O Rac8 13. Re1 Rfe8 14. Ne5
Kf8 15. Bg5 Red8 16. d6 e6 17. Ne4 Nxe4 18. Bxd8 Rxd8 19. Rxe4 Be8 20. d7 Bxd7
21. Rf4 Bxe5 22. dxe5 Nc5 23. Rd4 Rc8 24. Rc1 Ke8 25. Ba4 Bxa4 26. Rxa4 1-0

[Event "Pacific Southwest Open"]
[Site "Woodland Hills"]
[Date "2012.06.30"]
[Round "2"]
[White "Peters, Jack"]
[Black "Azimova, Karina"]
[Result "1-0"]
[WhiteElo "2355"]
[BlackElo "2050"]
[PlyCount "97"]
[EventDate "2012.06.30"]
[EventType "swiss"]
[EventRounds "5"]
[EventCountry "USA"]
[SourceDate "2012.07.02"]

1. e4 e5 2. Nf3 d6 3. d4 exd4 4. Nxd4 Nf6 5. Nc3 Be7 6. Be2 O-O 7. O-O Re8 8.
f4 Bf8 9. Bf3 Nbd7 10. Re1 Nc5 11. Nb3 Nfd7 12. Be3 c6 13. Qd2 Nb6 14. Na5 Qc7
15. b4 Ncd7 16. a3 Nf6 17. Bd4 Be7 18. Rad1 Be6 19. f5 Bc8 20. e5 dxe5 21. Bxe5
Qd7 22. Qg5 h6 23. Rxd7 hxg5 24. Rd2 Bxf5 25. Nxb7 Nc4 26. Rde2 Nxe5 27. Rxe5
Be6 28. Bxc6 Rec8 29. Na5 Rab8 30. Rb5 Rb6 31. Ne2 Rbxc6 32. Nxc6 Rxc6 33. Nd4
Ra6 34. Nxe6 fxe6 35. c4 g4 36. Re3 Kf7 37. Rb7 Ne8 38. c5 Rc6 39. Rxa7 Nc7 40.
Kf1 Nd5 41. Rb3 Kf6 42. a4 Ke5 43. a5 Kd4 44. Rb7 e5 45. Ra3 Ne3+ 46. Rxe3 Kxe3
47. Rxe7 Rf6+ 48. Ke1 e4 49. Rxg7 1-0

[Event "Pacific Southwest Open"]
[Site "Woodland Hills"]
[Date "2012.06.30"]
[Round "3"]
[White "Abrahamyan, Tatev"]
[Black "Yankovsky, Roman"]
[Result "1-0"]
[WhiteElo "2320"]
[BlackElo "2467"]
[PlyCount "57"]
[EventDate "2012.06.30"]
[EventType "swiss"]
[EventRounds "5"]
[EventCountry "USA"]
[SourceDate "2012.07.02"]

1. e4 c5 2. Nf3 d6 3. d4 cxd4 4. Nxd4 Nf6 5. Nc3 g6 6. Be3 Bg7 7. f3 Nc6 8. Bc4
Bd7 9. Bb3 Rc8 10. h4 Ne5 11. h5 Nxh5 12. Qd2 a5 13. a4 Nc4 14. Bxc4 Rxc4 15.
Nde2 Rb4 16. O-O-O Bxa4 17. Bh6 Bc6 18. Rxh5 gxh5 19. Bxg7 Rg8 20. Qh6 Kd7 21.
e5 Kc7 22. Qxh7 d5 23. e6 fxe6 24. Nf4 Qc8 25. Be5+ Kb6 26. Qxe7 Re8 27. Qd6
Ka7 28. Nd3 Rh4 29. Bf6 1-0

[Event "Pacific Southwest Open"]
[Site "Woodland Hills"]
[Date "2012.06.30"]
[Round "3"]
[White "Bryant, John Daniel"]
[Black "Taylor, Timothy"]
[Result "0-1"]
[WhiteElo "2377"]
[BlackElo "2290"]
[PlyCount "70"]
[EventDate "2012.06.30"]
[EventType "swiss"]
[EventRounds "5"]
[EventCountry "USA"]
[SourceDate "2012.07.02"]

1. g3 d5 2. Bg2 Nf6 3. Nf3 c6 4. O-O Bg4 5. d4 e6 6. Nbd2 Be7 7. Re1 Nbd7 8. e4
dxe4 9. Nxe4 Nxe4 10. Rxe4 Nf6 11. Re1 O-O 12. c3 Rc8 13. Qb3 Qb6 14. Ne5 Bf5
15. Nc4 Qxb3 16. axb3 a6 17. Bf4 Nd5 18. Bd6 Rfd8 19. Bxe7 Nxe7 20. f4 Nd5 21.
Bf3 h6 22. Na5 Rc7 23. Ra4 g5 24. c4 Ne7 25. Rb4 b5 26. g4 Bxg4 27. Bxg4 Rxd4
28. Rd1 Rxd1+ 29. Bxd1 c5 30. Rxb5 axb5 31. cxb5 Ra7 32. Nc6 Nxc6 33. bxc6 Rc7
34. Bf3 gxf4 35. Kf2 Kf8 0-1

[Event "Pacific Southwest Open"]
[Site "Woodland Hills"]
[Date "2012.06.30"]
[Round "3"]
[White "Kurosaki, Takashi"]
[Black "Peters, Jack"]
[Result "0-1"]
[WhiteElo "2147"]
[BlackElo "2355"]
[PlyCount "90"]
[EventDate "2012.06.30"]
[EventType "swiss"]
[EventRounds "5"]
[EventCountry "USA"]
[SourceDate "2012.07.02"]

1. c4 Nf6 2. g3 c6 3. Bg2 d5 4. Nf3 dxc4 5. Qc2 Be6 6. Ng5 Bd5 7. e4 h6 8. Nh3
Be6 9. Nf4 Bc8 10. Qxc4 e5 11. Nd3 Bd6 12. Qc3 Nbd7 13. O-O O-O 14. b3 Qe7 15.
a4 b6 16. Ba3 Ba6 17. Re1 Rfd8 18. Nb2 Nc5 19. a5 Qe6 20. Nc4 Bxc4 21. bxc4
bxa5 22. Bxc5 Bxc5 23. Rxa5 Bd4 24. Qc2 Rab8 25. Ra2 Ng4 26. Rf1 Nxf2 27. d3
Nxd3+ 28. Kh1 Nb4 29. Qa4 Nxa2 30. Qxa2 Rb2 31. Qa5 Rdb8 32. Nd2 Rc2 33. Nf3
Rbb2 34. Qd8+ Kh7 35. Qh4 f6 36. Bh3 Qxc4 37. Qg4 Rf2 38. Rd1 Qb3 39. Qf5+ g6
40. Qd7+ Kh8 41. Qd8+ Kg7 42. Qd7+ Qf7 43. Rxd4 exd4 44. Qxd4 Rb1+ 45. Ng1 Re2
0-1

[Event "Pacific Southwest Open"]
[Site "Woodland Hills"]
[Date "2012.06.30"]
[Round "3"]
[White "Sevillano, Enrico"]
[Black "Lu, Albert"]
[Result "1-0"]
[WhiteElo "2535"]
[BlackElo "2023"]
[PlyCount "119"]
[EventDate "2012.06.30"]
[EventType "swiss"]
[EventRounds "5"]
[EventCountry "USA"]
[SourceDate "2012.07.02"]

1. e4 e6 2. d4 d5 3. e5 c5 4. c3 Nc6 5. Nf3 Qb6 6. a3 c4 7. Nbd2 Na5 8. Be2 Bd7
9. O-O Ne7 10. Qc2 Qc7 11. Re1 Nc8 12. Ng5 Nb6 13. a4 h6 14. Nh3 Be7 15. Bd1 g6
16. Qb1 O-O-O 17. Qa2 Kb8 18. Nf1 g5 19. Ng3 Rdg8 20. Nh5 g4 21. N3f4 Rg5 22.
Be3 Ka8 23. Bc2 Qd8 24. Re2 a6 25. Qb1 Ka7 26. Qd1 Ka8 27. Re1 Ka7 28. Kh1 Ka8
29. Rf1 Ka7 30. f3 Rhg8 31. Ng3 gxf3 32. Rxf3 Rg4 33. Nfh5 Bh4 34. Bh7 Nb3 35.
Rb1 Bxa4 36. Qe2 Rh8 37. Rxf7 Be8 38. Qxg4 Bxf7 39. Bc2 a5 40. Qf3 Bxh5 41.
Nxh5 Bg5 42. Nf6 Rf8 43. Bxg5 hxg5 44. Qg4 Nd7 45. Nxd7 Qxd7 46. Qxg5 Rf2 47.
Bg6 Qg7 48. h4 Nd2 49. Rd1 Ne4 50. Bxe4 Qxg5 51. hxg5 dxe4 52. Re1 Rf5 53. Rxe4
Rxg5 54. Rf4 Rg8 55. Rf6 Re8 56. g4 Kb6 57. Kg2 Kc6 58. Kf3 Kd5 59. Rf7 Kc6 60.
g5 1-0

[Event "Pacific Southwest Open"]
[Site "Woodland Hills"]
[Date "2012.07.01"]
[Round "4"]
[White "Peters, Jack"]
[Black "Abrahamyan, Tatev"]
[Result "1/2-1/2"]
[WhiteElo "2355"]
[BlackElo "2320"]
[PlyCount "49"]
[EventDate "2012.06.30"]
[EventType "swiss"]
[EventRounds "5"]
[EventCountry "USA"]
[SourceDate "2012.07.02"]

1. e4 e6 2. d4 d5 3. Nc3 Bb4 4. e5 Ne7 5. Nf3 c5 6. a3 Bxc3+ 7. bxc3 b6 8. Bb5+
Bd7 9. Bd3 c4 10. Bf1 Ba4 11. g3 Nbc6 12. Bh3 h6 13. O-O Kd7 14. Nh4 Qg8 15.
Ng2 Qh7 16. Ne3 Kc7 17. f4 g6 18. Rf2 h5 19. Ng2 Nf5 20. Rf3 Raf8 21. Bd2 f6
22. Bxf5 gxf5 23. exf6 Rxf6 24. Nh4 Ne7 25. Re3 1/2-1/2

[Event "Pacific Southwest Open"]
[Site "Woodland Hills"]
[Date "2012.07.01"]
[Round "4"]
[White "Taylor, Timothy"]
[Black "Sevillano, Enrico"]
[Result "1/2-1/2"]
[WhiteElo "2290"]
[BlackElo "2535"]
[PlyCount "80"]
[EventDate "2012.06.30"]
[EventType "swiss"]
[EventRounds "5"]
[EventCountry "USA"]
[SourceDate "2012.07.02"]

1. e4 e6 2. d4 d5 3. exd5 exd5 4. c4 Nf6 5. Nc3 Bb4 6. Nf3 O-O 7. Bd3 Bg4 8.
O-O dxc4 9. Bxc4 Bxf3 10. Qxf3 Qxd4 11. Qxb7 Qxc4 12. Qxa8 Bd6 13. Qxa7 Bxh2+
14. Kxh2 Qxf1 15. f3 Qe1 16. Qxc7 Nh5 17. Rb1 Qh4+ 18. Kg1 Qd4+ 19. Kh2 Na6 20.
Qe7 Nc7 21. Be3 Qc4 22. Qe4 Qxe4 23. fxe4 Nf6 24. Bd4 Ng4+ 25. Kg3 h5 26. Rd1
f5 27. exf5 Rxf5 28. Re1 Kf7 29. a4 Ne6 30. Re4 g5 31. Nb5 Rf1 32. a5 Nh6 33.
a6 Nf4 34. Nd6+ Kg6 35. Bf2 Ng4 36. a7 Nxf2 37. a8=Q h4+ 38. Kf3 Nd1+ 39. Kg4
Nf2+ 40. Kf3 Nd1+ 1/2-1/2

[Event "Pacific Southwest Open"]
[Site "?"]
[Date "2012.07.01"]
[Round "4"]
[White "Duckworth, Mark"]
[Black "Yankovsky, Roman"]
[Result "0-1"]
[WhiteElo "2302"]
[BlackElo "2467"]
[PlyCount "58"]
[SourceDate "2012.07.02"]

1. e4 c5 2. Nc3 a6 3. g3 b5 4. Bg2 Bb7 5. d3 e6 6. Qe2 Be7 7. f4 d5 8. Nf3 Nf6
9. e5 Nfd7 10. Nd1 Nc6 11. c3 h6 12. h4 Qc7 13. d4 b4 14. f5 a5 15. fxe6 fxe6
16. Bf4 Ba6 17. Qc2 Nf8 18. a3 cxd4 19. cxd4 Qb6 20. Qf2 Ng6 21. Bh3 O-O 22.
Qe3 Kh8 23. Rh2 Rxf4 24. gxf4 Nxh4 25. Bxe6 Nxf3+ 26. Qxf3 Nxd4 27. Qxd5 Rd8
28. Qh1 Nf3+ 29. Qxf3 Qg1+ 0-1

[Event "Pacific Southwest Open"]
[Site "Woodland Hills"]
[Date "2012.07.01"]
[Round "4"]
[White "Hermansen, Ron"]
[Black "Stein, Jeremy"]
[Result "1-0"]
[WhiteElo "2202"]
[BlackElo "2128"]
[PlyCount "85"]
[EventDate "2012.06.30"]
[EventType "swiss"]
[EventRounds "5"]
[EventCountry "USA"]
[SourceDate "2012.07.02"]

1. e4 c5 2. Nf3 d6 3. d4 cxd4 4. Nxd4 Nf6 5. Nc3 g6 6. g3 Bg7 7. Bg2 O-O 8. O-O
Nc6 9. Nde2 Rb8 10. a4 a6 11. h3 b5 12. axb5 axb5 13. Bg5 h6 14. Be3 b4 15. Nd5
Nd7 16. Ra2 e6 17. Ndf4 Qc7 18. Qd2 Rd8 19. b3 Kh7 20. Nd3 Nde5 21. Rd1 Rb5 22.
Ne1 Ra5 23. Rxa5 Qxa5 24. f4 Nd7 25. e5 d5 26. Nd4 Nxd4 27. Bxd4 Ba6 28. Ra1
Qb5 29. Nd3 Bf8 30. Bf1 Qc6 31. Nxb4 Bxb4 32. Qxb4 Bxf1 33. Rxf1 Ra8 34. c3 Ra2
35. Qe7 Kg8 36. Qe8+ Kg7 37. f5 gxf5 38. Rxf5 Ra1+ 39. Kg2 Ra2+ 40. Kf3 exf5
41. e6+ f6 42. Qf7+ Kh8 43. exd7 1-0

[Event "Pacific Southwest Open"]
[Site "Woodland Hills"]
[Date "2012.07.01"]
[Round "5"]
[White "Abrahamyan, Tatev"]
[Black "Taylor, Timothy"]
[Result "1-0"]
[WhiteElo "2320"]
[BlackElo "2290"]
[PlyCount "61"]
[EventDate "2012.06.30"]
[EventType "swiss"]
[EventRounds "5"]
[EventCountry "USA"]
[SourceDate "2012.07.02"]

1. e4 e5 2. Nf3 Nc6 3. Bc4 d6 4. d4 exd4 5. Nxd4 g6 6. O-O Bg7 7. Nxc6 bxc6 8.
Nc3 Be6 9. Bb3 Nf6 10. Bg5 O-O 11. f4 Qb8 12. f5 Qb6+ 13. Kh1 Bxb3 14. axb3
Rae8 15. Qd3 Re5 16. Be3 c5 17. Bf4 Ree8 18. Bg5 Qb7 19. Bxf6 Bxf6 20. Nd5 Bd8
21. f6 c6 22. Nc3 Qd7 23. Rad1 Re6 24. Qh3 Qe8 25. Qh4 h5 26. Rd3 Ba5 27. Qg5
Qd8 28. Rdf3 Kh7 29. Rh3 Bxc3 30. Rxh5+ Kg8 31. Rh8+ 1-0

[Event "Pacific Southwest Open"]
[Site "Woodland Hills"]
[Date "2012.07.01"]
[Round "5"]
[White "Sevillano, Enrico"]
[Black "Peters, Jack"]
[Result "1-0"]
[WhiteElo "2535"]
[BlackElo "2355"]
[PlyCount "57"]
[EventDate "2012.06.30"]
[EventType "swiss"]
[EventRounds "5"]
[EventCountry "USA"]
[SourceDate "2012.07.02"]

1. d4 Nf6 2. c4 e6 3. Nf3 d5 4. Nc3 Bb4 5. e3 O-O 6. Bd3 c5 7. O-O cxd4 8. exd4
b6 9. Bg5 h6 10. Bxf6 Qxf6 11. cxd5 Bxc3 12. bxc3 exd5 13. Ne5 Nc6 14. f4 Qd6
15. Qh5 Bd7 16. Rae1 f5 17. Re3 Rae8 18. Bc2 Nxe5 19. fxe5 Qe6 20. Ref3 Qc6 21.
Rg3 b5 22. Bxf5 Bxf5 23. Rxf5 b4 24. Rf6 Rxf6 25. exf6 Re1+ 26. Kf2 Qe6 27.
Rxg7+ Kf8 28. Rf7+ Qxf7 29. Qxf7+ 1-0

[Event "Pacific Southwest Open"]
[Site "Woodland Hills"]
[Date "2012.07.01"]
[Round "5"]
[White "Yankovsky, Roman"]
[Black "Hermansen, Ron"]
[Result "1-0"]
[WhiteElo "2467"]
[BlackElo "2202"]
[PlyCount "65"]
[EventDate "2012.06.30"]
[EventType "swiss"]
[EventRounds "5"]
[EventCountry "USA"]
[SourceDate "2012.07.02"]

1. e4 g6 2. g3 Bg7 3. Bg2 c5 4. Ne2 Nc6 5. O-O Nf6 6. f4 d6 7. d3 Bg4 8. h3
Bxe2 9. Qxe2 Nd7 10. c3 Qc7 11. a4 a6 12. Na3 O-O 13. f5 Rab8 14. Nc4 b5 15.
axb5 axb5 16. Ne3 Nb6 17. Ng4 Ne5 18. f6 exf6 19. Nxf6+ Kh8 20. g4 c4 21. d4
Nd3 22. Be3 Ra8 23. Rxa8 Rxa8 24. g5 Ra2 25. Qg4 Qd8 26. Qh4 Bxf6 27. gxf6 Nd7
28. Bf3 g5 29. Bxg5 Qg8 30. Bg4 Nf8 31. Bh6 Qg6 32. Bxf8 Rxb2 33. Qh6 1-0

[Event "Pacific Southwest Open"]
[Site "Woodland Hills"]
[Date "2012.07.01"]
[Round "5"]
[White "Azimova, Karina"]
[Black "Duckworth, Mark"]
[Result "1/2-1/2"]
[WhiteElo "2050"]
[BlackElo "2302"]
[PlyCount "57"]
[EventDate "2012.06.30"]
[EventType "swiss"]
[EventRounds "5"]
[EventCountry "USA"]
[SourceDate "2012.07.02"]

1. e4 Nc6 2. Nf3 e6 3. d3 d5 4. Nbd2 Nf6 5. g3 b6 6. Bg2 Bb7 7. O-O Qd7 8. exd5
exd5 9. Re1+ Be7 10. Nf1 O-O 11. d4 Rad8 12. c3 Ne4 13. Bf4 f6 14. h4 Bd6 15.
Bxd6 Qxd6 16. Rc1 f5 17. N1d2 f4 18. Nxe4 dxe4 19. Qb3+ Kh8 20. Ng5 e3 21. fxe3
f3 22. Qc2 g6 23. Nxf3 Nb4 24. cxb4 Bxf3 25. Qxc7 Qd5 26. Bxf3 Rxf3 27. Qe5+
Qxe5 28. dxe5 Rd2 29. Red1 1/2-1/2